Catálogo
 En Linea

Le cayó la gota fría : formación, trabajo y economías de la música popular en América Latina; actas del XIV Congreso IASPM-AL = formacão, trabalho e economias da música popular na América Latina ; anais do XIV Congresso da IASPM-AL (Registro nro. 52301)

Detalles MARC
000 -CABECERA
campo de control de longitud fija 01247nam a22002537a 4500
003 - IDENTIFICADOR DEL NÚMERO DE CONTROL
campo de control DO-SdBNP
005 - FECHA Y HORA DE LA ÚLTIMA TRANSACCIÓN
campo de control 20240319114521.0
008 - DATOS DE LONGITUD FIJA--INFORMACIÓN GENERAL
campo de control de longitud fija 220823b2022 dr o|||| |||| 10| 0 spa d
020 ## - NÚMERO INTERNACIONAL ESTÁNDAR DEL LIBRO
Número Internacional Estándar del Libro xxxxxxxxxxxxxx
040 ## - FUENTE DE LA CATALOGACIÓN
Centro catalogador/agencia de origen DO-SdBNP
Lengua de catalogación spa
Centro/agencia transcriptor BNPHU
082 #4 - NÚMERO DE LA CLASIFICACIÓN DECIMAL DEWEY
Número de clasificación 781.63098
Número de documento/Ítem C749L
Número de edición 22
111 10 - ENTRADA PRINCIPAL--NOMBRE DE CONGRESO/REUNIÓN
Nombre de congreso/reunión o jurisdicción como elemento de entrada Congreso IASPM-AL
Número del congreso/reunión o número de parte o sección (14:
Fecha del congreso/reunión 2020 :
Sede del congreso/Lugar de la reunión Medellín, Colombia)
9 (RLIN) 82221
245 1# - MENCIÓN DE TÍTULO
Título Le cayó la gota fría : formación, trabajo y economías de la música popular en América Latina; actas del XIV Congreso IASPM-AL = formacão, trabalho e economias da música popular na América Latina ; anais do XIV Congresso da IASPM-AL
260 ## - PUBLICACIÓN, DISTRIBUCIÓN, ETC.
Lugar de publicación, distribución, etc. Santo Domingo :
Nombre del editor, distribuidor, etc. IASPM-AL,
Fecha de publicación, distribución, etc. 2022
300 ## - DESCRIPCIÓN FÍSICA
Extensión 508 p. :
Otras características físicas il., fots., mapa, retrs., tablas,
Dimensiones 25 cm.
500 ## - NOTA GENERAL
Nota general Incluye referencias bibliográficas y notas al pie de las páginas
500 ## - NOTA GENERAL
Nota general Texto en español y portugués
650 #4 - PUNTO DE ACCESO ADICIONAL DE MATERIA--TÉRMINO DE MATERIA
Término de materia o nombre geográfico como elemento de entrada Música popular latinoamericana
Subdivisión general Historia
Subdivisión de forma Congresos, conferencias, etc.
9 (RLIN) 82222
650 #4 - PUNTO DE ACCESO ADICIONAL DE MATERIA--TÉRMINO DE MATERIA
Término de materia o nombre geográfico como elemento de entrada Música popular latinoamericana
Subdivisión general Aspectos tecnológicos
Subdivisión de forma Congresos, conferencias, etc.
9 (RLIN) 82223
651 #4 - PUNTO DE ACCESO ADICIONAL DE MATERIA--NOMBRE GEOGRÁFICO
Nombre geográfico Tecnología y arte
9 (RLIN) 82224
700 1# - PUNTO DE ACCESO ADICIONAL--NOMBRE DE PERSONA
Nombre de persona Tejeda, Darío
Término indicativo de función/relación editor
9 (RLIN) 2540
710 2# - PUNTO DE ACCESO ADICIONAL--NOMBRE DE ENTIDAD CORPORATIVA
Nombre de entidad corporativa o nombre de jurisdicción como elemento de entrada International Association for the Study of Popular Music
9 (RLIN) 79007
942 ## - ELEMENTOS DE PUNTO DE ACCESO ADICIONAL (KOHA)
Fuente del sistema de clasificación o colocación Dewey Decimal Classification
Tipo de ítem Koha Libro

No hay ítems disponibles.

Con tecnología Koha